| 000 | 00711nam a2200229 a 4500 | ||
|---|---|---|---|
| 001 | 43640 | ||
| 003 | BD-RjUL | ||
| 005 | 20211209053728.0 | ||
| 008 | 160625s1961 enk b 001 0 eng d | ||
| 035 | _a(BD-RjUL)43758 | ||
| 040 |
_aCSU _cCSU _dNRC _dUKM _dBD-RjUL _beng |
||
| 041 | _aeng | ||
| 082 |
_223 _a330.96761 _bELE 1961 |
||
| 100 | 1 |
_aElkan, Walter. _9134075 |
|
| 245 | 1 | 4 |
_aThe economic development of Uganda / _cWalter Elkan. |
| 260 |
_aLondon : _bOxford University Press, _cc1961. |
||
| 300 |
_aviii, 72 p. : _bill. ; _c19 cm. |
||
| 504 | _aIncludes index and bibliography: p.68-70. | ||
| 651 | 0 |
_aUganda _xEconomic conditions. _9134076 |
|
| 651 | 0 |
_aUganda _xEconomic policy. _9134077 |
|
| 942 |
_2ddc _cBK |
||
| 999 |
_c43640 _d43640 |
||